| 000 | 00801cam a22002651 4500 | ||
|---|---|---|---|
| 001 | sa 67004293 | ||
| 003 | DLC | ||
| 005 | 20260227112345.0 | ||
| 008 | 870226s1966 pk b f000 0 eng | ||
| 010 | _asa 67004293 | ||
| 025 | _aPL480:P-E-1144 | ||
| 035 | _a(OCoLC)15244711 | ||
| 040 |
_aDLC _cWaU _dDLC |
||
| 042 | _apremarc | ||
| 043 | _aa-pk--- | ||
| 050 | 0 | 0 |
_aHA39.P3 _bA5 1964 |
| 110 | 1 |
_aPakistan. _bPopulation Growth Estimation. |
|
| 245 | 1 | 0 |
_aExisting birth and death registration systems in East and West Pakistan, 1964, _ba summary report, _cby Elizabeth Gustafson. |
| 260 |
_a[Karachi, _c1966?] |
||
| 300 |
_a35 p. _c26 cm. |
||
| 500 | _aCover title. | ||
| 504 | _aBibliography: p. 29-31. | ||
| 650 | 0 |
_aRegisters of births, etc. _zPakistan. |
|
| 700 | 1 | _aGustafson, Elizabeth. | |
| 999 |
_c74365 _d74365 |
||